Rages

Αποθηκεύτηκε σε:
Λεπτομέρειες βιβλιογραφικής εγγραφής
Κύριος συγγραφέας: Crutcher, Chris
Άλλοι συγγραφείς: Hay, Nathalie (Μεταφραστής)
Μορφή: Βιβλίο
Γλώσσα:French
Δημοσίευση: Paris : Bayard, 1998
Θέματα:
Ετικέτες: Προσθήκη ετικέτας
Δεν υπάρχουν, Καταχωρήστε ετικέτα πρώτοι!

MARC

LEADER 00000nam a2200000 i 4500
001 1/87423
008 990723s1998 fre d
020 |a 2-227-73901-0 
035 |l 10052293 
040 |a GR-MY-UA  |b gre  |e aacr 
041 0 |a fre 
082 0 |a 813.54 
100 1 |a Crutcher, Chris. 
245 1 0 |a Rages /  |c Chris Crutcher ; traduit de l'anglais (Etats-Unis) par Nathalie Hay 
260 |a Paris :   |b Bayard,   |c 1998 
300 |a 311 p. 
650 0 0 |a Interpersonal relations  |x Fiction. 
650 0 0 |a Fathers and sons  |x Fiction. 
650 0 0 |a Triathlon  |x Fiction. 
700 1 |a Hay, Nathalie.  |4 trl 
852 |a INST  |b RHODES  |e 19990723  |h 813.54 CRU  |p 005400015261  |q 005400015261  |t BK  |y 0 
901 |a BIBL4-1999-2 
909 |a Ρ  |b 064982 
922 |a 4ΕΛΗ  |b 199903  |c ΚΠΣ/154  |d LEADER 
970 |z 1999/07/23  |a ΚΟΥΛΑΚΙΟΤΗ  |b ΛΙΤΣΑ